| 000 | 00361 a2200157 4500 | ||
|---|---|---|---|
| 001 | 182104 | ||
| 020 | _a84-294-3481-X | ||
| 040 | _cMagnum | ||
| 100 | _aJordà, Jordi Surís | ||
| 240 | 1 | 0 |
_aLa chica de los zapatos verdes _lpor |
| 245 | 1 | 0 | _aLa chica de los zapatos verdes |
| 300 | _a62 | ||
| 362 | 0 | _a1992 | |
| 697 | _aLITERATURA ESPANHOLA | ||
| 942 | _cBK | ||
| 999 |
_c182104 _d182104 |
||